The Brain-Chain Letter Game Quiz Stats

 Plays Quiz Updated Jun 27, 2015

Also try: Test Your Memory
Challenge
Share
Tweet
Score 0/20 Timer 12:00
2 Plays Today
% Correct
???
100%
???
80.7%
???
79.9%
???
79.7%
???
78.4%
???
76%
???
70.7%
???
62.5%
???
54.9%
???
45.9%
% Correct
???
37.4%
???
30.8%
???
27.2%
???
25.5%
???
24%
???
22.5%
???
20.8%
???
19.6%
???
18.9%
???
18.4%

You're not logged in!

Compare scores with friends on all Sporcle quizzes.
OR
Log In

You Might Also Like...

Show Comments

Extras

Top Quizzes Today


Score Distribution

Your Account Isn't Verified!

In order to create a playlist on Sporcle, you need to verify the email address you used during registration. Go to your Sporcle Settings to finish the process.

Report this User

Report this user for behavior that violates our Community Guidelines.

Details: